[Event "GER-ch Net qual2 U14"]
[Site "Playchess.com INT"]
[Date "2011.05.04"]
[Round "5"]
[White "Mueller, Max Ferdinand"]
[Black "Meyers, Mark"]
[Result "0-1"]
[WhiteElo "1398"]
[BlackElo "1658"]
[PlyCount "80"]
[EventDate "2011.05.04"]
[EventType "swiss (blitz)"]
[EventRounds "7"]
[EventCountry "GER"]
[SourceTitle "CBM 142 Extra"]
[Source "ChessBase"]
[SourceDate "2011.06.27"]
[SourceVersion "1"]
[SourceVersionDate "2011.06.27"]
[SourceQuality "1"]

1. Nf3 c5 2. c4 Nf6 3. d3 g6 4. e3 Bg7 5. Be2 0-0 6. 0-0 Nc6 7. Nc3 d6 8. Bd2 Rb8 9. a3 a6 10. Qa4 Bd7 11. Qc2 b5 12. b3 b4 13. axb4 Nxb4 14. Qb2 a5 15. d4 cxd4 16. Nxd4 Qc7 17. Ncb5 Qc5 18. Bxb4 Qxb4 19. Ra4 Qc5 20. Rxa5 Ne4 21. Qa3 Qb6 22. Ra6 Qb7 23. Ra7 Qc8 24. Rc7 Qd8 25. Qa7 Bxb5 26. Nxb5 Ra8 27. Qb7 Nc5 28. Qc6 Nxb3 29. Bf3 Ra2 30. Rd7 Qe8 31. Nc7 Qc8 32. Rxe7 Bf6 33. Rd7 Nd2 34. Rd1 Be5 35. Bg4 Qb8 36. g3 Qb2 37. Qg2 Ra1 38. Rxa1 Qxa1+ 39. Bd1 Qxd1+ 40. Qf1 Qxf1# 0-1

[Event "GER-ch Net qual1 U14"]
[Site "Playchess.com INT"]
[Date "2011.05.01"]
[Round "1"]
[White "Hirschmann, Jakob"]
[Black "Mueller, Max Ferdinand"]
[Result "1-0"]
[WhiteElo "1906"]
[BlackElo "1372"]
[PlyCount "81"]
[EventDate "2011.05.01"]
[EventType "swiss (blitz)"]
[EventRounds "7"]
[EventCountry "GER"]
[SourceTitle "CBM 142 Extra"]
[Source "ChessBase"]
[SourceDate "2011.06.27"]
[SourceVersion "1"]
[SourceVersionDate "2011.06.27"]
[SourceQuality "1"]

1. e4 c5 2. Nc3 d6 3. g3 Nf6 4. Bg2 e6 5. d3 Be7 6. Nge2 0-0 7. 0-0 Nc6 8. h3 Bd7 9. f4 a6 10. g4 b5 11. Ng3 b4 12. Nce2 Qb6 13. Be3 a5 14. f5 e5 15. g5 Ne8 16. Nh5 Qd8 17. h4 Nd4 18. c3 Nxe2+ 19. Qxe2 f6 20. g6 h6 21. Qd2 bxc3 22. bxc3 Qb6 23. Bxh6 c4+ 24. Kh1 cxd3 25. Bxg7 Nxg7 26. Qh6 Rf7 27. gxf7+ Kxf7 28. Qxg7+ Ke8 29. Qg8+ Bf8 30. Nxf6+ Ke7 31. Nd5+ Kd8 32. Qxf8+ Be8 33. Nxb6 Rb8 34. Qxd6+ Bd7 35. Qxb8+ Ke7 36. Nd5+ Kf7 37. Qd6 Bb5 38. Qxe5 d2 39. Qe7+ Kg8 40. Nf6+ Kh8 41. Qh7# 1-0

[Event "GER-ch U12"]
[Site "Oberhof"]
[Date "2010.05.28"]
[Round "9"]
[White "Pfreundt, Jakob"]
[Black "Mueller, Max Ferdinand"]
[Result "1-0"]
[WhiteElo "1297"]
[BlackElo "1365"]
[PlyCount "43"]
[EventDate "2010.05.22"]
[EventType "swiss"]
[EventRounds "11"]
[EventCountry "GER"]
[SourceTitle "CBM 136 Extra"]
[Source "ChessBase"]
[SourceDate "2010.07.02"]
[SourceVersion "2"]
[SourceVersionDate "2010.07.15"]
[SourceQuality "1"]

1. d4 d5 2. c4 e6 3. Nc3 Nf6 4. Bg5 Be7 5. e3 0-0 6. Nf3 a6 7. Bd3 dxc4 8. Bxc4 b5 9. Bd3 Nbd7 10. 0-0 c5 11. b3 Bb7 12. Rc1 Rc8 13. Qe2 Nd5 14. Bxe7 Qxe7 15. Ne4 Nb4 16. Bb1 e5 17. dxe5 Nxe5 18. Nfg5 h6 19. Qh5 Rc6 20. f4 hxg5 21. Nf6+ Rxf6 22. Qh7# 1-0

[Event "GER-ch U12"]
[Site "Oberhof"]
[Date "2010.05.24"]
[Round "3"]
[White "Schwarz, Larissa"]
[Black "Mueller, Max Ferdinand"]
[Result "1-0"]
[WhiteElo "1526"]
[BlackElo "1365"]
[PlyCount "81"]
[EventDate "2010.05.22"]
[EventType "swiss"]
[EventRounds "11"]
[EventCountry "GER"]
[SourceTitle "CBM 136 Extra"]
[Source "ChessBase"]
[SourceDate "2010.07.02"]
[SourceVersion "2"]
[SourceVersionDate "2010.07.15"]
[SourceQuality "1"]

1. e4 e6 2. d4 d5 3. e5 c5 4. c3 Nc6 5. Nf3 Bd7 6. Be2 Qb6 7. a3 Nge7 8. b4 cxd4 9. cxd4 Nf5 10. Be3 Be7 11. 0-0 0-0 12. Nc3 a6 13. Qd2 Rac8 14. Rac1 Qd8 15. Bd3 Nxe3 16. Qxe3 f6 17. exf6 Rxf6 18. Rfe1 h6 19. Ne5 Bd6 20. Ne2 Qe7 21. Ng3 Bxe5 22. dxe5 Rf7 23. Bg6 Rff8 24. f3 Be8 25. Bb1 Qh4 26. Qd3 g6 27. Qe3 Kg7 28. Ne2 Ne7 29. g3 Qg5 30. Nf4 Bd7 31. Kg2 Nf5 32. Bxf5 gxf5 33. h4 Qe7 34. Nh5+ Kg6 35. Nf6 Bc6 36. g4 Rh8 37. h5+ Kf7 38. Qf4 Kf8 39. gxf5 exf5 40. Qxf5 Qg7+ 41. Kf2 1-0

[Event "Saarland-ch C 85th"]
[Site "Homburg"]
[Date "2010.04.03"]
[Round "9"]
[White "Mueller, Max Ferdinand"]
[Black "Prein, Timm"]
[Result "1/2-1/2"]
[WhiteElo "1198"]
[BlackElo "1343"]
[PlyCount "25"]
[EventDate "2010.03.28"]
[EventType "swiss"]
[EventRounds "9"]
[EventCountry "GER"]
[SourceTitle "EXT 2011"]
[Source "ChessBase"]
[SourceDate "2010.11.26"]
[SourceVersion "1"]
[SourceVersionDate "2010.11.26"]
[SourceQuality "1"]

1. d4 d5 2. c4 c6 3. Nf3 Nf6 4. g3 Bg4 5. Bg2 e6 6. 0-0 Nbd7 7. e3 Bd6 8. Nc3 0-0 9. Qb3 Rb8 10. Bd2 Be7 11. h3 Bf5 12. Ne2 Qb6 13. Qxb6 1/2-1/2

[Event "Saarland-ch C 85th"]
[Site "Homburg"]
[Date "2010.03.28"]
[Round "3"]
[White "Hinsberger, Sascha"]
[Black "Mueller, Max Ferdinand"]
[Result "0-1"]
[WhiteElo "1295"]
[BlackElo "1198"]
[PlyCount "50"]
[EventDate "2010.03.28"]
[EventType "swiss"]
[EventRounds "9"]
[EventCountry "GER"]
[SourceTitle "EXT 2011"]
[Source "ChessBase"]
[SourceDate "2010.11.26"]
[SourceVersion "1"]
[SourceVersionDate "2010.11.26"]
[SourceQuality "1"]

1. e4 c5 2. c3 e6 3. d4 d5 4. exd5 exd5 5. Nf3 Nc6 6. Be2 Nf6 7. 0-0 Bd6 8. Re1 0-0 9. Bg5 Qb6 10. Bxf6 Qxb2 11. dxc5 gxf6 12. cxd6 Qxa1 13. Qxd5 Be6 14. Qh5 Kg7 15. Bd3 Rh8 16. Re4 Qxa2 17. Rh4 h6 18. Bf5 Qd5 19. Nd4 Nxd4 20. Rxd4 Qxf5 21. Qxf5 Bxf5 22. Na3 a6 23. g4 Be6 24. f4 f5 25. d7 Rhd8 0-1